| 000 | 00813nam a2200289Ia 4500 | ||
|---|---|---|---|
| 003 | OSt | ||
| 005 | 20221005051246.0 | ||
| 006 | a|||||r|||| 00| 0 | ||
| 007 | ta | ||
| 008 | 221004b |||||||| |||| 00| 0 eng d | ||
| 020 | _a0340662263 | ||
| 024 | _a26662 | ||
| 037 | _cTextual | ||
| 040 |
_aCRL _cCRL _beng |
||
| 041 |
_2eng _aeng |
||
| 082 | _aSigma:f, N6 | ||
| 100 | _aNachmias David | ||
| 245 | 0 | _aResearch Methodology in the Social Science | |
| 250 | _a5th | ||
| 260 |
_aLondon _bArnold : A member of the Hodder Headline _c1996 |
||
| 300 |
_a600p., I17 _ccm. |
||
| 650 | _a SOCIAL SCIENCES | ||
| 650 | _aRESEARCH METHODS | ||
| 700 |
_a Framkfort-Nachmias Chava _9595776 |
||
| 942 |
_hSigma:f, N6 _cTEXL _2cc |
||
| 999 |
_c958485 _d958485 |
||